|
|
|
|
| LEADER |
00000nam a2200000 a 4500 |
| 001 |
vtls008184719 |
| 003 |
SK-MaSNL |
| 005 |
20260302074045.0 |
| 008 |
240318 xo 000 0 eng |
| 040 |
|
|
|a SNK
|b slo
|c SNK
|e AACR2
|
| 044 |
|
|
|a xo
|c SK
|
| 100 |
1 |
|
|a Kálal, Karel,
|d 1860-1930
|4 aut
|9 86016
|
| 245 |
1 |
0 |
|a Zpod Tater
|b českému studentstvu
|
| 260 |
|
|
|a Ružomberok
|b Karel Salva
|c 1896
|
| 300 |
|
|
|a 16 s.
|
| 999 |
|
|
|c 1163483
|d 1165413
|
| 952 |
|
|
|a SNK
|b SNK
|y VYP
|7 0
|p 17A0504075
|o snkSD 2294/6 D2
|i snkK 120/82
|0 0
|1 0
|4 0
|d 2006-04-12
|l 0
|r 2026-02-24 20:40:31
|w 2026-02-24
|
| 952 |
|
|
|a SNK
|b SNK
|y VYP
|7 0
|p 17A0478813
|o snkSD 2294/6 D1
|i snkK 3135/76
|3 Rekatalogizácia
|0 0
|1 0
|4 0
|d 2005-07-18
|l 0
|r 2026-02-24 20:40:31
|w 2026-02-24
|